000 01642nam a2200397Ii 4500
001 1341231889
003 AUA.1
005 20251121094041.0
008 251121s2022 idu b 000 0 eng d
020 _a9780816368549
020 _a0816368546
035 _a(OCoLC)1341231889
040 _cJTL
050 _aBS2735.52
_b.S48 2024
245 0 0 _a1 Timothy, 2 Timothy, Titus, Philemon, Hebrews, James /
_c[edited by Jacques B. Doukhan]
246 1 _iAt head of title :
_aSeventh-day Adventist International Bible Commentary.
260 _aNampa, ID :
_bPacific Press;
_bReview and Herald;
_bFoundation for Adventist Education and the Zinke Family;
_cc2024.
300 _a1038 pages ;
_c24 cm.
490 1 _aSeventh-day Adventist International Bible Commentary ;
_vv. 14.
500 _aInitiated and Sponsored by The Foundation For Adventist Education and the Zinke Family.
504 _aIncludes bibliographical references.
630 0 0 _aBible.
_p1 Timothy
_vCommentaries.
630 0 0 _aBible.
_p2 Timothy
_vCommentaries
630 0 0 _aBible.
_pTitus
_vCommentaries.
630 0 0 _aBible.
_pPhilemon
_vCommentaries.
_945086
630 0 0 _aBible.
_pHebrews
_vCommentaries
_944971
630 0 0 _aBible.
_pJames
_vCommentaries
700 1 _aDoukhan, Jacques,
_egeneral editor.
700 1 _aCosaert, Carl P.,
_eauthor.
700 1 _aParoschi, Wilson,
_eauthor.
700 1 _aLehmann, Richard P.,
_eauthor.
700 1 _aCortez, Félix H.,
_eauthor.
700 1 _eMaynard-Reid, Pedrito U.
_4author.
830 0 _aSeventh-day Adventist International Bible commentary ;
_vv. 14.
942 _2lcc
_cREF
_hBS 2735.52
_i.S48 2024
999 _c25284
_d25284